02613nam a2200361uu 4500001000800000005001700008007001000025008004100035035001200076040001300088041000800101082000800109100003600117245009300153260005500246300001300301520118800314650003001502650002501532650002701557650004401584650004201628650003601670650003301706650004801739700003701787700003701824700005601861942001001917999001901927500013301946952017202079137234120260508085034.0co|||||||140527e20130527 spa  a1372341 ccomduadb aspa 4a36310aSierra, Clara4auteaut970379110aUso y manejo del agua potable en la población del barrio Villa Arabia 1, Caucasia 2013 aCaucasia (Antioquia, Colombia) :bAutor(a),c2013. a1 CD-ROM3 aEl agua es uno de los recursos más importantes para el bienestar, salud y la vida de seres humanos, plantas y animales. Cada día observamos que con el abuso y la intervención humana en los recursos naturales los ha ido degradando, dando lugar a fenómenos como el calentamiento global, la contaminación del ambiente, la erosión de tierras fértiles, la extinción de especies y perdida del agua. El objetivo que pretende este trabajo es el de describir los usos que se le dá al agua potable en las viviendas pertenecientes al barrio Villa Arabia 1 de Caucasia-2013. Se realizará un estudio descriptivo de corte trasversal utilizando un instrumento tipo encuesta. Se tratara de concientizar a la comunidad del barrio Villa Arabia 1 sobre los usos adecuados al agua potable. Con el primer objetivo específico logramos identificar los usos que tienen la población del barrio villa Arabia por medio de la encuesta, también se exploraron las CAP's por medio de imágenes y la encuesta donde se apreciaron todos los comportamientos de los habitantes y por último se logró capacitar a la población por medio de una charla educativa, de volantes y de plegables. 7aAgua potable2embne92293 aUso del agua9200041 aAhorro del agua983317 aEducación ambiental municipal9174382 7aContaminación del agua2lemb937686 aReutilización del agua933594 aRacionamiento de agua966814 7aAguaxLegislaciónzColombia2lemb916002010aBarrera, Nolfa4auteaut968766010aBenítez, Ana4auteaut970016910aPérez Osorno, Margarita María4thseths9352747 cTESIS c685904d685904 aTesis (Tecnólogo en Medio Ambiente) Universidad de Antioquia. Facultad Nacional de Salud Publica - Título del grado otorgado 001040708DIGITALaCAUCAbCAUCAd2014-05-27eMaterial adquirido por donacióniC1204769l0o363.61 S572 CD-ROMp0698370r2023-05-02 00:00:00t1w2023-05-02yDIGITAL